[Event "International Tournament"]
[Site "Thivon"]
[Date "2016.08.29"]
[Round "5.11"]
[White "Papadopoulos, Nikolaos"]
[Black "Nemtsas, Hristoforos"]
[Result "1-0"]
[BlackElo "1884"]
[WhiteElo "2234"]
[LiveChessVersion "1.4.8"]

1. e4 {[%clk 1:22:54]} c5 {[%clk 1:29:28]} 2. Nf3 {[%clk 1:22:50]} d6
{[%clk 1:29:53]} 3. d4 {[%clk 1:20:51]} Nf6 {[%clk 1:30:14]} 4. Nc3
{[%clk 1:20:38]} cxd4 {[%clk 1:30:37]} 5. Nxd4 {[%clk 1:17:26]} a6
{[%clk 1:31:01]} 6. Be3 {[%clk 1:15:10]} e5 {[%clk 1:31:24]} 7. Nf3
{[%clk 1:14:37]} Be7 {[%clk 1:30:02]} 8. Bc4 {[%clk 1:12:33]} Be6
{[%clk 1:29:14]} 9. Bb3 {[%clk 1:12:44]} Bxb3 {[%clk 1:14:47]} 10. axb3
{[%clk 1:12:56]} O-O {[%clk 1:12:59]} 11. O-O {[%clk 1:13:15]} Nbd7
{[%clk 1:11:00]} 12. Qd3 {[%clk 1:12:25]} Qc7 {[%clk 1:08:09]} 13. Rfd1
{[%clk 1:12:10]} Rac8 {[%clk 1:01:15]} 14. Rd2 {[%clk 1:11:14]} Nc5
{[%clk 0:57:09]} 15. Bxc5 {[%clk 1:09:45]} Qxc5 {[%clk 0:56:06]} 16. h3
{[%clk 1:04:47]} Rfd8 {[%clk 0:51:39]} 17. Ra4 {[%clk 0:59:10]} Qa7
{[%clk 0:45:44]} 18. Qe2 {[%clk 0:57:50]} Bf8 {[%clk 0:38:27]} 19. Rd3 Qb8
{[%clk 0:33:05]} 20. Ra1 {[%clk 0:39:45]} Rc6 {[%clk 0:28:22]} 21. Nd5
{[%clk 0:28:55]} Nxd5 {[%clk 0:28:21]} 22. Rxd5 {[%clk 0:29:23]} Rc5
{[%clk 0:23:59]} 23. Rad1 {[%clk 0:26:27]} Rdc8 {[%clk 4:04:46]} 24. c3
{[%clk 0:26:39]} a5 {[%clk 0:20:09]} 25. Nh4 {[%clk 0:19:46]} g6 {[%clk 0:18:12]}
26. R5d3 {[%clk 0:16:32]} Be7 {[%clk 0:12:27]} 27. Qg4 {[%clk 0:15:23]} h5
{[%clk 0:12:34]} 28. Qg3 {[%clk 0:14:26]} Bxh4 {[%clk 0:02:52]} 29. Qxh4
{[%clk 0:14:45]} R8c6 {[%clk 0:01:57]} 30. Rg3 {[%clk 0:04:01]} Kh7
{[%clk 0:01:31]} 31. Rf3 {[%clk 0:01:55]} Qc7 {[%clk 0:00:57]} 32. g4
{[%clk 0:02:11]} Kg8 {[%clk 0:00:35]} 33. gxh5 {[%clk 0:02:25]} Qd7
{[%clk 0:00:38]} 34. hxg6 {[%clk 0:01:38]} fxg6 {[%clk 0:01:01]} 35. Qf6
{[%clk 0:01:34]} Qg7 {[%clk 0:00:42]} 36. Qe6+ {[%clk 0:01:48]} Kh8
{[%clk 0:00:42]} 37. Qe8+ {[%clk 0:01:59]} Kg8 1-0

[Event "International Tournament"]
[Site "Thivon"]
[Date "2016.08.29"]
[Round "5.12"]
[White "Nikolaou, Spiridon"]
[Black "Nikolaou, Georgios"]
[Result "1/2-1/2"]
[BlackElo "2225"]
[WhiteElo "2065"]
[LiveChessVersion "1.4.8"]

1. e4 {[%clk 1:21:57]} c5 {[%clk 1:30:50]} 2. Nf3 {[%clk 1:22:12]} e6
{[%clk 1:31:02]} 3. d4 {[%clk 1:22:38]} cxd4 {[%clk 1:31:26]} 4. Nxd4
{[%clk 1:23:06]} Nc6 {[%clk 1:31:45]} 5. Nc3 {[%clk 1:23:34]} Qc7
{[%clk 1:32:06]} 6. Be3 {[%clk 1:24:00]} a6 {[%clk 1:32:27]} 7. Nxc6
{[%clk 1:24:26]} bxc6 {[%clk 1:31:02]} 8. Bd3 {[%clk 1:24:51]} Nf6
{[%clk 1:30:01]} 9. O-O {[%clk 1:25:13]} Be7 {[%clk 1:30:05]} 10. Qe2
{[%clk 1:25:23]} d5 {[%clk 1:27:49]} 11. Rae1 {[%clk 1:25:41]} O-O
{[%clk 1:15:57]} 12. Bg5 {[%clk 1:26:05]} h6 {[%clk 0:36:13]} 13. Bd2
{[%clk 1:26:05]} d4 {[%clk 0:31:30]} 14. Nd1 {[%clk 1:26:29]} e5 {[%clk 0:27:06]}
15. h3 {[%clk 1:25:18]} g5 {[%clk 0:20:00]} 16. h4 {[%clk 1:05:13]} Bg4
{[%clk 0:15:35]} 17. f3 {[%clk 1:04:27]} Be6 {[%clk 0:16:03]} 18. hxg5
{[%clk 1:03:22]} hxg5 {[%clk 0:14:15]} 19. Bxg5 {[%clk 0:54:17]} Nh5
{[%clk 0:14:35]} 20. f4 {[%clk 0:46:46]} Ng3 {[%clk 0:14:21]} 21. Qf3
{[%clk 0:47:08]} Nxf1 {[%clk 0:14:08]} 22. Bxe7 {[%clk 0:47:26]} Qxe7
{[%clk 0:14:14]} 23. f5 {[%clk 0:47:45]} Qg5 {[%clk 0:09:04]} 24. Rxf1
{[%clk 0:48:08]} Bxa2 {[%clk 0:07:56]} 25. b3 {[%clk 0:24:53]} f6
{[%clk 0:08:09]} 26. Bc4+ {[%clk 0:25:17]} Kg7 {[%clk 0:08:30]} 27. Qd3
{[%clk 0:25:14]} Rh8 {[%clk 0:07:12]} 28. Rf3 {[%clk 0:25:23]} Rh4
{[%clk 0:06:27]} 29. Rg3 {[%clk 0:13:23]} Rg4 {[%clk 0:06:55]} 30. Rxg4
{[%clk 0:13:39]} Qxg4 {[%clk 0:07:24]} 31. Nf2 {[%clk 0:13:40]} Qg5
{[%clk 0:04:58]} 32. Bxa6 {[%clk 0:05:54]} Rh8 {[%clk 0:03:06]} 33. Nh3
{[%clk 0:05:42]} Qe3+ {[%clk 0:02:26]} 34. Kf1 {[%clk 0:03:04]} Qxd3+
{[%clk 0:01:15]} 35. Bxd3 {[%clk 0:03:30]} Rb8 {[%clk 0:00:54]} 36. Ng1
{[%clk 0:01:59]} c5 {[%clk 0:00:42]} 37. Nf3 {[%clk 0:01:51]} Bxb3 38. cxb3
{[%clk 0:02:18]} Rxb3 {[%clk 0:01:00]} 39. Bc4 {[%clk 0:01:25]} Rb2
{[%clk 0:01:08]} 40. Bd3 {[%clk 0:15:40]} Rb4 {[%clk 0:15:34]} 41. Nd2
{[%clk 0:13:35]} Kh6 {[%clk 0:14:32]} 42. Bc4 {[%clk 0:10:44]} Kg5
{[%clk 0:13:54]} 43. Ke2 {[%clk 0:11:06]} Kf4 {[%clk 0:09:43]} 44. Kd3
{[%clk 0:11:28]} Rb7 {[%clk 0:06:19]} 45. g3+ {[%clk 0:07:23]} Kxg3
{[%clk 0:06:34]} 46. Nb3 {[%clk 0:07:22]} Rc7 {[%clk 0:06:48]} 47. Bd5
{[%clk 0:06:32]} Kf3 {[%clk 0:05:46]} 48. Na5 {[%clk 0:03:53]} Kf4
{[%clk 0:04:05]} 49. Nc4 {[%clk 0:03:08]} Rd7 {[%clk 0:03:03]} 50. Na5
{[%clk 0:01:05]} Ra7 {[%clk 0:03:10]} 51. Nb3 {[%clk 0:01:32]} Rc7
{[%clk 0:01:18]} 52. Na5 {[%clk 0:01:30]} Rh7 {[%clk 0:01:27]} 53. Kc4
{[%clk 0:01:04]} Ke3 {[%clk 0:01:41]} 54. Kxc5 {[%clk 0:01:10]} d3
{[%clk 0:01:10]} 55. Nc4+ {[%clk 0:01:05]} Kf4 {[%clk 0:01:00]} 56. Kb4
{[%clk 0:00:42]} Kf3 {[%clk 0:01:02]} 57. Kc5 {[%clk 0:00:57]} Rh2
{[%clk 0:00:55]} 58. Kd6 {[%clk 0:01:12]} Kf4 {[%clk 0:01:21]} 59. Ke6
{[%clk 0:01:21]} Kg5 {[%clk 0:01:28]} 60. Nd6 {[%clk 0:00:55]} Rb2
{[%clk 0:01:44]} 61. Bc4 {[%clk 0:00:48]} d2 {[%clk 0:01:37]} 62. Be2
{[%clk 0:01:11]} Rb6 {[%clk 0:01:28]} 63. Ke7 {[%clk 0:01:03]} Kf4
{[%clk 0:00:43]} 64. Ke6 {[%clk 0:01:11]} Ke3 {[%clk 0:00:42]} 65. Bh5
{[%clk 0:01:26]} Kf4 {[%clk 0:00:32]} 66. Be2 {[%clk 0:01:48]} Ke3
{[%clk 0:01:00]} 67. Bh5 {[%clk 0:02:08]} Kf4 {[%clk 0:00:44]} 68. Ke7
{[%clk 0:02:31]} Rc6 {[%clk 0:00:49]} 69. Ke6 {[%clk 0:02:45]} Rb6
{[%clk 0:00:40]} 70. Ke7 {[%clk 0:03:11]} Rc6 {[%clk 0:01:00]} 71. Ke6
{[%clk 0:03:00]} Kg5 {[%clk 0:01:06]} 72. Be2 {[%clk 0:03:23]} Rc1
{[%clk 0:00:47]} 73. Nf7+ {[%clk 0:02:20]} Kf4 {[%clk 0:01:16]} 74. Kxf6
{[%clk 0:01:22]} d1=Q {[%clk 0:01:31]} 75. Bxd1 {[%clk 0:01:46]} Rxd1
{[%clk 0:02:00]} 76. Ke6 {[%clk 0:00:49]} Kxe4 {[%clk 0:02:05]} 77. f6
{[%clk 0:00:40]} Kf4 {[%clk 0:01:28]} 78. Nxe5 {[%clk 0:00:38]} Re1
{[%clk 0:01:52]} 79. f7 {[%clk 0:01:05]} Rxe5+ {[%clk 0:02:18]} 80. Kd7
{[%clk 0:01:26]} Rf5 {[%clk 0:02:40]} 81. Ke7 {[%clk 0:01:48]} 1/2-1/2

[Event "International Tournament"]
[Site "Thivon"]
[Date "2016.08.30"]
[Round "6.1"]
[White "Kourkoulos-Arditis, Stamatis"]
[Black "Stathopoulos, Ioannis"]
[Result "0-1"]
[BlackElo "2343"]
[WhiteElo "2369"]
[LiveChessVersion "1.4.8"]

1. Nf3 {[%clk 1:30:57]} Nf6 {[%clk 1:30:54]} 2. c4 {[%clk 1:31:19]} g6
{[%clk 1:31:01]} 3. g3 {[%clk 1:31:45]} Bg7 {[%clk 1:31:26]} 4. Bg2
{[%clk 1:32:10]} O-O {[%clk 1:31:51]} 5. O-O {[%clk 1:32:34]} d6 {[%clk 1:32:19]}
6. Nc3 {[%clk 1:32:57]} e5 {[%clk 1:32:42]} 7. d4 {[%clk 1:33:21]} Nbd7
{[%clk 1:32:59]} 8. e3 {[%clk 1:33:46]} Re8 {[%clk 1:32:34]} 9. a4
{[%clk 1:34:09]} a5 {[%clk 1:32:34]} 10. b3 {[%clk 1:34:22]} exd4
{[%clk 1:29:59]} 11. exd4 {[%clk 1:34:47]} d5 {[%clk 1:30:23]} 12. Bf4
{[%clk 1:23:01]} dxc4 {[%clk 1:17:43]} 13. bxc4 {[%clk 1:23:23]} Nb6
{[%clk 1:18:10]} 14. Nb5 {[%clk 1:18:11]} Re7 {[%clk 1:18:20]} 15. Qb3
{[%clk 1:12:51]} Be6 {[%clk 1:03:23]} 16. d5 {[%clk 1:03:16]} Bf5
{[%clk 0:40:07]} 17. Rad1 {[%clk 0:58:30]} Ne4 {[%clk 0:30:30]} 18. Nfd4
{[%clk 0:54:24]} Nc5 {[%clk 0:30:45]} 19. Qa3 {[%clk 0:54:24]} Nbxa4
{[%clk 0:31:09]} 20. d6 {[%clk 0:51:46]} cxd6 {[%clk 0:28:43]} 21. Bxd6
{[%clk 0:51:47]} Rd7 {[%clk 0:29:05]} 22. Nxf5 {[%clk 0:38:03]} gxf5
{[%clk 0:29:32]} 23. Rd5 {[%clk 0:36:48]} Bf8 {[%clk 0:27:25]} 24. Rfd1
{[%clk 0:32:57]} Bxd6 {[%clk 0:14:16]} 25. Nxd6 {[%clk 0:33:18]} Qf6
{[%clk 0:13:24]} 26. Ne8 {[%clk 0:27:55]} Rxe8 {[%clk 0:06:55]} 27. Rxd7
{[%clk 0:28:21]} Qc3 {[%clk 0:04:05]} 28. Qxc3 {[%clk 0:28:32]} Nxc3
{[%clk 0:04:33]} 29. Rd8 {[%clk 0:28:57]} Kf8 {[%clk 0:04:58]} 30. Rxe8+
{[%clk 0:29:09]} Kxe8 {[%clk 0:05:15]} 31. Ra1 {[%clk 0:29:16]} a4
{[%clk 0:05:23]} 32. Kf1 {[%clk 0:25:27]} Nb3 {[%clk 0:05:07]} 33. Ra3
{[%clk 0:25:23]} Kd7 {[%clk 0:05:32]} 34. c5 {[%clk 0:20:14]} Kc7
{[%clk 0:05:55]} 35. h4 {[%clk 0:16:46]} b5 {[%clk 0:03:09]} 36. cxb6+
{[%clk 0:17:12]} Kxb6 {[%clk 0:03:36]} 37. Bd5 {[%clk 0:17:36]} Nxd5
{[%clk 0:03:38]} 38. Rxa4 {[%clk 0:18:04]} Na5 {[%clk 0:03:30]} 39. h5
{[%clk 0:16:44]} Nb7 {[%clk 0:02:38]} 40. Kg2 {[%clk 0:29:25]} Nf6
{[%clk 0:17:17]} 41. f3 {[%clk 0:22:20]} Nc5 {[%clk 0:15:52]} 42. Ra8
{[%clk 0:19:00]} Ne6 {[%clk 0:15:55]} 43. h6 {[%clk 0:18:55]} Kc6
{[%clk 0:14:46]} 44. Ra5 {[%clk 0:17:49]} Nd5 {[%clk 0:14:31]} 45. Ra8
{[%clk 0:16:37]} Kd6 {[%clk 0:14:26]} 46. f4 {[%clk 0:13:49]} Nec7
{[%clk 0:14:03]} 47. Rh8 {[%clk 0:12:25]} Nf6 {[%clk 0:14:19]} 48. Kh3
{[%clk 0:12:36]} Ncd5 {[%clk 0:14:10]} 49. Kh4 {[%clk 0:11:57]} Ne7
{[%clk 0:13:41]} 50. Rd8+ {[%clk 0:11:36]} Ke6 {[%clk 0:13:58]} 51. Ra8
{[%clk 0:10:41]} Ng6+ {[%clk 0:11:55]} 52. Kh3 {[%clk 0:11:06]} Ng4
{[%clk 0:10:58]} 53. Ra6+ {[%clk 0:11:26]} Kd5 {[%clk 0:10:56]} 54. Ra5+
{[%clk 0:11:48]} Ke4 {[%clk 0:11:18]} 55. Ra4+ {[%clk 0:11:30]} Kd3
{[%clk 0:11:40]} 56. Kg2 {[%clk 0:11:17]} Nxh6 {[%clk 0:10:55]} 57. Kf3
{[%clk 0:11:19]} Ng8 {[%clk 0:10:38]} 58. Ra7 {[%clk 0:10:48]} N8e7
{[%clk 0:10:51]} 59. Ra6 Ng8 {[%clk 0:07:07]} 60. Ra7 {[%clk 0:11:32]} N6e7
{[%clk 0:07:19]} 61. Ra8 {[%clk 0:11:28]} Kd4 {[%clk 0:07:28]} 62. Rf8
{[%clk 0:10:41]} f6 {[%clk 0:07:47]} 63. Ra8 {[%clk 0:11:07]} Kd5
{[%clk 0:08:01]} 64. Ra6 {[%clk 0:11:33]} h6 {[%clk 0:07:55]} 65. Kg2
{[%clk 0:11:17]} Ng6 {[%clk 0:07:00]} 66. Kh3 {[%clk 0:11:42]} h5
{[%clk 0:06:37]} 67. Ra8 {[%clk 0:11:20]} N8e7 {[%clk 0:06:32]} 68. Ra6
{[%clk 0:11:39]} Nc6 {[%clk 0:06:35]} 69. Rb6 {[%clk 0:09:35]} Kc5
{[%clk 0:04:54]} 70. Rb7 {[%clk 0:09:58]} Nce7 {[%clk 0:05:00]} 71. Ra7
{[%clk 0:10:04]} h4 {[%clk 0:04:51]} 72. Ra6 {[%clk 0:08:12]} hxg3
{[%clk 0:04:53]} 73. Kxg3 {[%clk 0:07:16]} Nd5 {[%clk 0:05:12]} 74. Kf3
{[%clk 0:07:32]} Nge7 {[%clk 0:04:43]} 75. Ra8 Nc6 {[%clk 0:05:03]} 76. Re8
{[%clk 0:06:01]} Kd6 {[%clk 0:05:16]} 77. Re1 {[%clk 0:05:58]} Nd4+
{[%clk 0:05:35]} 78. Kg3 {[%clk 0:06:22]} Ne6 {[%clk 0:06:00]} 79. Rf1
{[%clk 0:06:28]} Nexf4 {[%clk 0:06:21]} 80. Re1 {[%clk 0:06:16]} Ng6
{[%clk 0:06:38]} 81. Ra1 {[%clk 0:06:17]} f4+ {[%clk 0:06:38]} 82. Kg4
{[%clk 0:06:29]} Ke5 {[%clk 0:06:57]} 83. Ra5 {[%clk 0:06:25]} f5+
{[%clk 0:07:17]} 84. Kf3 {[%clk 0:06:31]} Nh4+ {[%clk 0:07:28]} 85. Kf2
{[%clk 0:06:57]} Ke6 {[%clk 0:07:46]} 86. Ra6+ {[%clk 0:07:14]} Kf7
{[%clk 0:08:05]} 87. Ra5 {[%clk 0:07:11]} Nf6 {[%clk 0:08:27]} 88. Ke2
{[%clk 0:07:10]} Kg6 {[%clk 0:08:49]} 89. Ra6 {[%clk 0:07:26]} Kg5
{[%clk 0:09:17]} 90. Ra8 {[%clk 0:07:50]} f3+ {[%clk 0:09:39]} 91. Kf2
{[%clk 0:08:02]} Kf4 {[%clk 0:10:03]} 92. Kf1 {[%clk 0:08:08]} Ng4
{[%clk 0:10:21]} 93. Ra4+ {[%clk 0:07:46]} Kg3 {[%clk 0:10:43]} 94. Ra3
{[%clk 0:08:13]} Ng2 {[%clk 0:10:50]} 95. Kg1 {[%clk 0:08:33]} N2e3
{[%clk 0:11:04]} 96. Kh1 {[%clk 0:08:51]} Nf2+ {[%clk 0:10:59]} 97. Kg1
{[%clk 0:09:13]} Nh3+ {[%clk 0:11:21]} 98. Kh1 {[%clk 0:09:40]} Nd1
{[%clk 0:11:37]} 0-1

[Event "International Tournament"]
[Site "Thivon"]
[Date "2016.08.30"]
[Round "6.2"]
[White "Kofidis, Andreas"]
[Black "Drakoulakos, Grigorios"]
[Result "1-0"]
[BlackElo "2195"]
[WhiteElo "2406"]
[LiveChessVersion "1.4.8"]

1. e4 {[%clk 1:30:57]} c5 {[%clk 1:30:40]} 2. Nf3 {[%clk 1:31:04]} d6
{[%clk 1:30:34]} 3. d4 {[%clk 1:31:13]} cxd4 {[%clk 1:30:53]} 4. Nxd4
{[%clk 1:31:39]} Nf6 {[%clk 1:30:53]} 5. Nc3 {[%clk 1:31:41]} a6 {[%clk 1:30:30]}
6. Bc4 {[%clk 1:26:09]} e6 {[%clk 1:29:24]} 7. Bb3 {[%clk 1:26:27]} Nbd7
{[%clk 1:28:21]} 8. O-O {[%clk 1:26:36]} Nc5 {[%clk 1:20:23]} 9. f4
{[%clk 1:20:58]} Be7 {[%clk 1:12:59]} 10. e5 {[%clk 1:06:12]} dxe5
{[%clk 1:11:28]} 11. fxe5 {[%clk 1:06:35]} Nfd7 {[%clk 1:11:30]} 12. Bf4
{[%clk 1:04:52]} O-O {[%clk 1:11:39]} 13. Kh1 {[%clk 0:59:10]} Qc7
{[%clk 1:04:13]} 14. Qh5 {[%clk 0:55:54]} b5 {[%clk 0:29:41]} 15. Rae1
{[%clk 0:55:37]} Bb7 {[%clk 0:25:39]} 16. Re3 {[%clk 0:54:09]} Rfd8
{[%clk 0:19:36]} 17. Nf5 {[%clk 0:41:42]} Nf8 {[%clk 0:11:49]} 18. Nxe7+
{[%clk 0:23:19]} Qxe7 {[%clk 0:12:12]} 19. Bg5 {[%clk 0:23:35]} Qc7
{[%clk 0:12:25]} 20. Bxd8 {[%clk 0:22:42]} Rxd8 {[%clk 0:12:51]} 21. Rd1
{[%clk 0:22:03]} Rc8 {[%clk 0:12:33]} 22. Qh4 {[%clk 0:20:53]} Ng6
{[%clk 0:11:55]} 23. Qd4 {[%clk 0:20:42]} Qa5 {[%clk 0:11:50]} 24. a3
{[%clk 0:16:13]} h6 {[%clk 0:11:02]} 25. Re2 {[%clk 0:14:18]} Ne7
{[%clk 0:09:56]} 26. Kg1 {[%clk 0:13:32]} Nf5 {[%clk 0:10:11]} 27. Qf2
{[%clk 0:13:19]} b4 {[%clk 0:10:03]} 28. axb4 {[%clk 0:12:55]} Qxb4
{[%clk 0:10:31]} 29. Bd5 {[%clk 0:09:18]} exd5 {[%clk 0:05:40]} 30. Qxf5
{[%clk 0:09:35]} Ne6 {[%clk 0:05:53]} 31. Rf2 {[%clk 0:07:02]} Rf8
{[%clk 0:02:54]} 32. Nxd5 {[%clk 0:07:05]} Qxb2 {[%clk 0:03:16]} 33. Ne7+
{[%clk 0:05:43]} Kh8 {[%clk 0:03:44]} 34. Ng6+ {[%clk 0:06:00]} fxg6
{[%clk 0:04:08]} 35. Qxe6 {[%clk 0:06:24]} Rg8 {[%clk 0:03:24]} 36. Qb3
{[%clk 0:06:23]} Qxb3 {[%clk 0:03:37]} 37. cxb3 {[%clk 0:06:48]} Re8
{[%clk 0:03:52]} 38. Re2 {[%clk 0:04:31]} Bc8 {[%clk 0:04:02]} 39. Red2
{[%clk 0:04:41]} Bg4 {[%clk 0:04:13]} 40. Rd8 {[%clk 0:20:03]} Rxd8
{[%clk 0:19:42]} 41. Rxd8+ {[%clk 0:20:22]} Kh7 {[%clk 0:20:11]} 42. Kf2 g5
{[%clk 0:19:55]} 43. Ke3 {[%clk 0:18:46]} a5 {[%clk 0:20:03]} 44. Kd4
{[%clk 0:15:20]} Be6 {[%clk 0:20:08]} 45. Rb8 {[%clk 0:13:57]} Kg6
{[%clk 0:20:11]} 46. Kc5 {[%clk 0:14:22]} 1-0

[Event "International Tournament"]
[Site "Thivon"]
[Date "2016.08.30"]
[Round "6.3"]
[White "Nikolaidis, Ioannis"]
[Black "Kaforos, Dimitrios-Alkis"]
[Result "1-0"]
[BlackElo "2204"]
[WhiteElo "2558"]
[LiveChessVersion "1.4.8"]

1. d4 {[%clk 1:30:43]} Nf6 {[%clk 1:30:49]} 2. c4 {[%clk 1:30:53]} c6
{[%clk 1:31:12]} 3. Bf4 {[%clk 1:30:18]} Qb6 {[%clk 1:30:26]} 4. Qd2
{[%clk 1:26:35]} Ne4 {[%clk 1:27:47]} 5. Qc2 {[%clk 1:24:52]} d5 {[%clk 1:26:32]}
6. e3 {[%clk 1:23:27]} Bf5 {[%clk 1:25:48]} 7. Qb3 {[%clk 0:58:34]} e6
{[%clk 1:21:30]} 8. Nc3 {[%clk 0:56:30]} Nd7 {[%clk 1:19:32]} 9. f3
{[%clk 0:51:41]} Nxc3 {[%clk 1:17:50]} 10. bxc3 {[%clk 0:52:06]} Be7
{[%clk 1:16:03]} 11. c5 {[%clk 0:48:25]} Qxb3 {[%clk 1:15:37]} 12. axb3
{[%clk 0:48:53]} e5 {[%clk 1:14:33]} 13. Bg3 {[%clk 0:44:59]} O-O
{[%clk 1:14:55]} 14. b4 {[%clk 0:43:33]} a5 {[%clk 1:11:24]} 15. b5
{[%clk 0:31:10]} a4 {[%clk 1:10:19]} 16. Kd2 {[%clk 0:27:35]} Ra5
{[%clk 1:07:41]} 17. b6 {[%clk 0:22:47]} Rfa8 {[%clk 1:05:26]} 18. Bd3
{[%clk 0:22:12]} Bxd3 {[%clk 1:05:01]} 19. Kxd3 {[%clk 0:22:40]} Rb5
{[%clk 1:03:51]} 20. Kc2 {[%clk 0:20:52]} exd4 {[%clk 1:00:32]} 21. exd4
{[%clk 0:20:54]} Bf6 {[%clk 0:58:59]} 22. Ne2 {[%clk 0:18:18]} Re8
{[%clk 0:59:16]} 23. Rhe1 {[%clk 0:17:41]} Ra5 {[%clk 0:59:01]} 24. Bd6
{[%clk 0:15:16]} Nf8 {[%clk 0:58:50]} 25. Bxf8 {[%clk 0:13:41]} Kxf8
{[%clk 0:59:15]} 26. Nf4 {[%clk 0:13:56]} Bg5 {[%clk 0:55:55]} 27. Rxe8+
{[%clk 0:13:49]} Kxe8 {[%clk 0:56:23]} 28. Nd3 {[%clk 0:14:07]} Kd7
{[%clk 0:55:34]} 29. Ne5+ {[%clk 0:13:13]} Ke6 {[%clk 0:56:00]} 30. Re1
{[%clk 0:12:39]} Kf6 {[%clk 0:56:17]} 31. g3 {[%clk 0:12:25]} h5 {[%clk 0:55:43]}
32. Nxc6 {[%clk 0:11:02]} bxc6 {[%clk 0:56:05]} 33. b7 {[%clk 0:11:15]} 1-0

[Event "International Tournament"]
[Site "Thivon"]
[Date "2016.08.30"]
[Round "6.4"]
[White "Loutragotis, Dimitrios"]
[Black "Pavlidis, Anastasios"]
[Result "1/2-1/2"]
[BlackElo "2377"]
[WhiteElo "2157"]
[LiveChessVersion "1.4.8"]

1. e4 {[%clk 1:30:55]} d6 {[%clk 1:30:53]} 2. d4 {[%clk 1:31:02]} Nf6
{[%clk 1:31:14]} 3. Nc3 {[%clk 1:30:56]} Nbd7 {[%clk 1:31:19]} 4. f4
{[%clk 1:31:10]} e5 {[%clk 1:31:28]} 5. Nf3 {[%clk 1:31:23]} exd4
{[%clk 1:31:48]} 6. Qxd4 {[%clk 1:31:45]} c6 {[%clk 1:32:09]} 7. Be3
{[%clk 1:29:39]} d5 {[%clk 1:32:23]} 8. e5 {[%clk 0:54:05]} Ng4 {[%clk 1:32:12]}
9. Bg1 {[%clk 0:53:48]} Bc5 {[%clk 1:29:44]} 10. Qd2 {[%clk 0:53:39]} Bxg1
{[%clk 1:25:13]} 11. Rxg1 {[%clk 0:52:52]} Qb6 {[%clk 1:25:29]} 12. Na4
{[%clk 0:33:16]} Qe3+ {[%clk 1:25:14]} 13. Qxe3 {[%clk 0:29:34]} Nxe3
{[%clk 1:25:32]} 14. Bd3 {[%clk 0:26:28]} b5 {[%clk 1:25:20]} 15. Kd2
{[%clk 0:25:40]} Nc4+ {[%clk 1:20:12]} 16. Bxc4 {[%clk 0:26:05]} dxc4
{[%clk 1:20:32]} 17. Nc3 {[%clk 0:26:26]} Nc5 {[%clk 1:20:31]} 18. Ke3
{[%clk 0:23:46]} O-O {[%clk 1:16:15]} 19. Ne4 {[%clk 0:19:42]} Nxe4
{[%clk 1:02:52]} 20. Kxe4 {[%clk 0:20:06]} f6 {[%clk 1:02:35]} 21. c3
{[%clk 0:13:03]} Be6 {[%clk 1:02:10]} 22. Rae1 {[%clk 0:08:54]} Rad8
{[%clk 0:58:13]} 23. exf6 {[%clk 0:04:57]} Rxf6 {[%clk 0:57:04]} 24. Ne5
{[%clk 0:05:05]} Rd2 {[%clk 0:56:31]} 25. b3 {[%clk 0:01:52]} cxb3
{[%clk 0:50:51]} 26. axb3 {[%clk 0:02:10]} Bxb3 {[%clk 0:50:40]} 27. Ra1
{[%clk 0:02:16]} Bd5+ {[%clk 0:46:14]} 28. Ke3 {[%clk 0:02:39]} Rc2
{[%clk 0:46:29]} 29. Kd3 {[%clk 0:01:04]} Rxg2 {[%clk 0:46:21]} 30. Rxg2
{[%clk 0:01:24]} Bxg2 {[%clk 0:46:43]} 31. Ke3 {[%clk 0:00:34]} g5
{[%clk 0:35:04]} 32. Rg1 {[%clk 0:00:35]} gxf4+ {[%clk 0:35:03]} 33. Ke2
{[%clk 0:00:34]} Re6 {[%clk 0:14:30]} 34. Rxg2+ {[%clk 0:01:02]} Kf8
{[%clk 0:14:54]} 35. Rg5 {[%clk 0:01:26]} Rh6 {[%clk 0:09:59]} 36. Rf5+
{[%clk 0:01:26]} Ke7 {[%clk 0:10:12]} 37. Rxf4 {[%clk 0:00:47]} Rxh2+
{[%clk 0:09:18]} 38. Kd3 {[%clk 0:01:13]} Kd6 {[%clk 0:09:21]} 39. Nf3
{[%clk 0:01:35]} Rh3 {[%clk 0:09:11]} 40. Kc2 {[%clk 0:15:32]} c5
{[%clk 0:21:36]} 41. Rf5 {[%clk 0:11:07]} Ke6 {[%clk 0:16:26]} 42. Rf8
{[%clk 0:10:20]} Rg3 {[%clk 0:15:08]} 43. Nd2 {[%clk 0:08:26]} b4
{[%clk 0:15:02]} 44. cxb4 {[%clk 0:04:37]} cxb4 {[%clk 0:15:25]} 45. Rb8
{[%clk 0:05:02]} a5 {[%clk 0:15:25]} 46. Rb5 {[%clk 0:05:24]} Ra3
{[%clk 0:14:45]} 47. Rh5 {[%clk 0:05:37]} a4 {[%clk 0:14:53]} 48. Rxh7
{[%clk 0:05:43]} b3+ {[%clk 0:12:29]} 49. Nxb3 {[%clk 0:05:52]} Rxb3
{[%clk 0:12:53]} 1/2-1/2